Sen o klaksonu /

Hlavní autor: Klusák, Pavel, 1969-
Jazyk: Čeština
Vydáno: [Luhačovice] : Archa, [2022]
Edice: Edice literární rezidence Luhačovice
Témata:
Fyzický popis: 16 nečíslovaných stran ; 15 cm
Knihy
Uloženo v:
LEADER 01035nam a2200313 i 4500
001 001823476
003 CZ BrMZK
005 20220531080731.0
007 ta
008 220512s2022 xr g 000 f cze
020 |q (Brožováno) 
040 |a BOA001  |b cze  |e rda 
072 7 |a 821.162.3-3  |x Česká próza  |2 Konspekt  |9 25 
080 |a 821.162.3-3  |2 MRF 
080 |a (0:82-3)  |2 MRF 
100 1 |a Klusák, Pavel,  |d 1969-  |7 kv2006277184  |4 aut 
245 1 0 |a Sen o klaksonu /  |c Pavel Klusák 
264 1 |a [Luhačovice] :  |b Archa,  |c [2022] 
300 |a 16 nečíslovaných stran ;  |c 15 cm 
336 |a text  |b txt  |2 rdacontent 
337 |a bez média  |b n  |2 rdamedia 
338 |a svazek  |b nc  |2 rdacarrier 
490 1 |a Edice literární rezidence Luhačovice ;  |v 9. 
655 7 |a české prózy  |7 fd133972  |2 czenas 
830 0 |a Edice literární rezidence Luhačovice 
910 |a BOA001  |b S-1485.975 
990 |a BK 
991 |b 202205  |c NOV 
996 6 |b 2610903807  |c S-1485.975  |l MZK  |r Sklad / do 24 hodin  |n 0  |p p.v.  |w 001887844  |u 000010  |a 1  |e BOA001  |j MZK50  |s P